000 01086nam a2200301 i 4500
003 EG-GICUC
005 20260219011008.0
008 260114s1921 ua |||f |||| 00| 0 ara d
040 _a EG-GICUC
_bara
_c EG-GICUC
_d EG-GICUC
_erda
041 0 _aAra
082 0 4 _221
_a343.83
_bع ب . ط
092 0 4 _221
099 _aLaw1 10 343.83 ع ب . ط 1921
100 0 _aعبدالعزيز نعمانى
_eمؤلف.
245 1 2 _aالطب البيطرى الشرعى وعلم السموم /
_cتأليف الدكتور عبدالعزيز نعمانى.
264 3 _a[مكان النشر غير محدد] :
_bمطبعة التوفيق،
_c1921.
300 _a410 صفحة؛
_c24 سم.
336 _2rda content
_atext
337 _2rda media
_aComputer
338 _2rda carrier
_aOnline Resource
546 _aالنص باللغة العربية
650 1 _aالطب الشرعى
_2qrmak
650 1 _aالقانون الجنائى
_2qrmak
651 1 _2qrmak
856 4 0 _uhttps://fll.law.cu.edu.eg/fulltext/bks/B10-07743.pdf
905 _a54
_eYara
942 _2ddc
_cBK
_e21
_n0
999 _c57201
_d57201